| 000 | 01271nam a22002897a 4500 | ||
|---|---|---|---|
| 003 | AR-RoUNCS | ||
| 005 | 20260309112037.0 | ||
| 007 | ta | ||
| 008 | 170523s2008 ag a cr 001 f spa | ||
| 015 | _aAR-2008 | ||
| 020 | _a978-987-04-0227-5 | ||
| 040 |
_aAR-BaBN _bspa _cAR-RoUNCS _eaacr |
||
| 044 |
_aag _car-c |
||
| 080 | 1 |
_a82-312.4(82) _22016 |
|
| 100 | 1 |
_aBrandán Aráoz, María, _d1949- _eautora _4aut |
|
| 245 | 1 | 0 |
_aDetectives en Recoleta / _cMaría Brandán Aráoz ; ilustraciones de Pez. |
| 260 |
_aBuenos Aires : _bAlfaguara, _c2008. |
||
| 300 |
_a284 p. : _bil. byn ; _c20 cm. |
||
| 490 | 0 | _aAlfaguara Juvenil | |
| 520 | 3 |
_aDurante las vacaciones de invierno, Mauro arriba a Buenos Aires, proveniente de Alemania; Adela, su novia, y sus amigos, Inés y Pablo, se han mudado recientemente a la Recoleta, donde un nuevo misterio pondrá en juego el ingenio y el coraje del grupo. Una vez más, los jóvenes detectives están dispuestos a investigar hasta las últimas consecuencias. _c(Descripción del editor). |
|
| 521 | 1 | _aEdad sugerida desde los 12 años. | |
| 650 | 7 |
_2embne _aLiteratura argentina |
|
| 655 | 7 |
_aNovelas juveniles _2embne |
|
| 655 | 7 |
_aNovelas policiacas _2embne |
|
| 700 | 1 |
_aPez, Alberto, _d1963- _eilustrador _4ill |
|
| 942 |
_2udc _cOG _n0 |
||
| 999 |
_c953 _d953 |
||